Memoria que al honorable presidente de la República, Jacinto B. Peynado, presenta el mayor general José García, secretario de Estado de lo interior y policía, relativa a las labores realizadas en el departamento a su cargo durante el año de 1938. (Record no. 54907)

MARC details
000 -LEADER
campo de control de longitud fija 00867nam a2200193 i 4500
001 - NÚMERO DE CONTROL
campo de control 54907
003 - IDENTIFICADOR DE NÚMERO DE CONTROL
campo de control ES-MaACL
005 - FECHA Y HORA DE LA ÚLTIMA TRANSACCIÓN
campo de control 20230906163039.0
007 - CAMPO FIJO DE DESCRIPCIÓN FÍSICA--INFORMACIÓN GENERAL
campo de control de longitud fija t|
008 - DATOS DE LONGITUD FIJA--INFORMACIÓN GENERAL
campo de control de longitud fija 040127s1939 dr cf |||| | spa d
100 1# - ENTRADA PRINCIPAL--NOMBRE DE PERSONA
Nombre de persona Peynado, Jacinto Bienvenido.
9 (RLIN) 169289
245 10 - MENCIÓN DEL TÍTULO
Título Memoria que al honorable presidente de la República, Jacinto B. Peynado, presenta el mayor general José García, secretario de Estado de lo interior y policía, relativa a las labores realizadas en el departamento a su cargo durante el año de 1938.
260 ## - PUBLICACIÓN, DISTRIBUCIÓN, ETC.
Lugar de publicación, distribución, etc. Ciudad Trujillo :
Nombre del editor, distribuidor, etc. La Nación,
Fecha de publicación, distribución, etc. 1939.
300 ## - DESCRIPCIÓN FÍSICA
Extensión 536 p., [2] h. de lám. ;
Dimensiones 24 cm.
500 ## - NOTA GENERAL
Nota general Precede al tít.: República Dominicana.
500 ## - NOTA GENERAL
Nota general Retratos de Jacinto B. Peynado y de Rafael Trujillo Molina.
651 #4 - PUNTO DE ACCESO ADICIONAL DE MATERIA--NOMBRE GEOGRÁFICO
Nombre geográfico República Dominicana-
Subdivisión general Política y gobierno-
Subdivisión cronológica 1930-1961.
9 (RLIN) 169290
852 ## - LOCALIZACIÓN
Ubicación ES-MaACL
Número de control de estantería A-4617
Holdings
Estatus retirado Estado de pérdida Estado de daño No para préstamo Biblioteca de origen Biblioteca actual Ubicación en estantería Fecha de adquisición Fuente de adquisición Total de préstamos Signatura topográfica completa Código de barras Visto por última vez Precio de reemplazo Tipo de ítem Koha
        Biblioteca del Ateneo de Madrid Biblioteca del Ateneo de Madrid Sala Pecera Planta 1 17/01/2008     A-4617 1057700 23/02/2023 23/02/2023 Libro impreso